| 000 | 00642nam a22002057a 4500 | ||
|---|---|---|---|
| 005 | 20250715115034.0 | ||
| 010 | _aENG-145986 | ||
| 020 |
_a9788197288258 _c300.00 |
||
| 035 | _aEN-129518 | ||
| 037 | _bDBAD | ||
| 082 |
_a613.0432 _21 |
||
| 100 |
_aYakaish, P. _982979 |
||
| 245 |
_aChild Development and Child Psychology/ _cP. Yakaish [and] J. Sridevi |
||
| 250 | _a1 | ||
| 260 |
_aNew Delhi _bNeelkamal Publications _c2024 |
||
| 270 |
_a4764/1, 23, Ansari Road, Daryaganj, _bNew Delhi _e110002 _k011-23244237 |
||
| 300 |
_ax, 242p. _c24cm(pb) |
||
| 700 |
_aJ. Sridevi _eAuthor _982977 |
||
| 942 |
_2ddc _cEN _h613.0432 _mYAK |
||
| 999 |
_c212366 _d212366 |
||